| 000 | 00864nam0a22002651 4500 | ||
|---|---|---|---|
| 001 | rc\36193 | ||
| 005 | 20021216124334.5 | ||
| 035 | _a(NLR Aleph) 005319798 | ||
| 090 |
_a6475892 _c6475892 |
||
| 100 | _a20021216d1993 u |0rusy50 ca | ||
| 101 | 0 | _arus | |
| 102 | _aRU | ||
| 105 | _aa ||||||||| | ||
| 200 | 1 | _aКалибровка калориметра "по эффекту" | |
| 210 |
_aПротвино _cИФВЭ _d1993 |
||
| 215 |
_a12, [1] с. _cграф. _d22 |
||
| 225 | 1 |
_aПрепринт _fИн-т физики высок. энергий _vИФВЭ ОЭФ 93-86 |
|
| 320 | _aБиблиогр. на 3-й с. обл. (5 назв.) | ||
| 700 | 1 |
_aБлик _bА. М. _gАлександр Михайлович |
|
| 701 | 1 |
_aЛиба _bИ. П. |
|
| 801 | 0 |
_aRU _bNLR _gpsbo |
|
| 801 | 1 |
_aRU _bELAR _2rusmarc |
|
| 852 |
_aNLR _j94-6/536 |
||
| 942 | _cBOOK | ||
| 980 | _aNB | ||